Medication usage on diarrhea of suckling piglet in farm of chbarmon district, kampong speu province, (ការប្រើប្រាស់ឱសថលើជំងឺរាកកូនជ្រូកមិនទាន់ផ្ដាច់ដោះ នៅក្នុងកសិដ្ឋានស្រុកច្បារមន ខេត្តកំពង់ស្ពឺ) (Record no. 2499)

000 -LEADER
fixed length control field 00733nam a22001337a 4500
040 ## - CATALOGING SOURCE
Transcribing agency RUA
082 ## - DEWEY DECIMAL CLASSIFICATION NUMBER
Classification number AVM MEA 2011 B098 Or.1
100 ## - MAIN ENTRY--AUTHOR NAME
Personal name MEAS BUNTHOEUN
245 ## - TITLE STATEMENT
Title Medication usage on diarrhea of suckling piglet in farm of chbarmon district, kampong speu province, (ការប្រើប្រាស់ឱសថលើជំងឺរាកកូនជ្រូកមិនទាន់ផ្ដាច់ដោះ នៅក្នុងកសិដ្ឋានស្រុកច្បារមន ខេត្តកំពង់ស្ពឺ)
260 ## - PUBLICATION, DISTRIBUTION, ETC. (IMPRINT)
Place of publication phnom penh
Name of publisher rua
Year of publication 2011
300 ## - PHYSICAL DESCRIPTION
Number of Pages ix, 49p.
Other physical details ill.
Dimensions 29cm.
856 ## - ELECTRONIC LOCATION AND ACCESS
Uniform Resource Identifier https://drive.google.com/file/d/17oeXAZsyc9g6HsrjhAzGDEZ6Q4s3HaR5/view?usp=sharing
942 ## - ADDED ENTRY ELEMENTS (KOHA)
Koha item type AVM
952 ## - LOCATION AND ITEM INFORMATION (KOHA)
Withdrawn status [LOCAL, KOHA] 0
952 ## - LOCATION AND ITEM INFORMATION (KOHA)
Withdrawn status [LOCAL, KOHA] 0
952 ## - LOCATION AND ITEM INFORMATION (KOHA)
Withdrawn status [LOCAL, KOHA] 0
952 ## - LOCATION AND ITEM INFORMATION (KOHA)
Withdrawn status [LOCAL, KOHA] 0
952 ## - LOCATION AND ITEM INFORMATION (KOHA)
Withdrawn status [LOCAL, KOHA] 0
952 ## - LOCATION AND ITEM INFORMATION (KOHA)
Withdrawn status [LOCAL, KOHA] 0
952 ## - LOCATION AND ITEM INFORMATION (KOHA)
Withdrawn status [LOCAL, KOHA] 0
Holdings
Permanent Location Date acquired Koha item type Lost status Shelving location Barcode Current Location Full call number
Library Block B2015-10-21AVM B098RUA017449Library Block BAVM MEA 2011 B098 Or.1
Library Block B2015-10-21AVM B098RUA017380Library Block BAVM MEA 2011 B098 Or.2
Library Block B2015-10-21AVM B098RUA027569Library Block BAVM MEA 2011 B098 Or.3
Library Block B2015-10-21AVM B098RUA026547Library Block BAVM MEA 2011 B098 Or.4
Library Block B2015-10-21AVM B098RUA027995Library Block BAVM MEA 2011 B098 Or.5
Library Block B2015-10-21AVM B098RUA026535Library Block BAVM MEA 2011 B098 Or.6
Library Block B2016-02-04AVM B098RUA051244Library Block BAVM MEA 2011 B098 Or.7
មជ្ឈមណ្ឌលឯការនៃសាកលវិទ្យាល័យភូមិន្ទកសិកម្មចំការដូង

Powered by Koha